UM Logo

Two signals of social rank : (Record no. 18374)

MARC details
000 -LEADER
fixed length control field 01042nam a22002417a 4500
003 - CONTROL NUMBER IDENTIFIER
control field OSt
005 - DATE AND TIME OF LATEST TRANSACTION
control field 20250905094935.0
008 - FIXED-LENGTH DATA ELEMENTS--GENERAL INFORMATION
fixed length control field 231023b ||||| |||| 00| 0 eng d
040 ## - CATALOGING SOURCE
Transcribing agency 0
082 ## - DEWEY DECIMAL CLASSIFICATION NUMBER
Classification number DPer 155.205 J826 January-March 2020 v. 118 n. 1-3
100 ## - MAIN ENTRY--PERSONAL NAME
Personal name Witkower, Zachary.
Relator term author.
9 (RLIN) 49758
245 ## - TITLE STATEMENT
Title Two signals of social rank :
Remainder of title prestige and dominance are associated with distinct nonverbal displays /
Statement of responsibility, etc. Zachary Witkower, Jessica L. Tracy, and Joey T. Cheng.
260 ## - PUBLICATION, DISTRIBUTION, ETC. (IMPRINT)
Place of publication, distribution, etc. Washington ;
Name of publisher, distributor, etc. American Psychological Association ,
Date of publication, distribution, etc. January 2020.
300 ## - PHYSICAL DESCRIPTION
Extent volume 118, pages 89-120 :
Other physical details illustration ;
Dimensions 28 cm.
500 ## - GENERAL NOTE
General note Journal of Personality and Social Psychology, vol. 118, no. 1, pages 89-120, January 2020.
650 ## - SUBJECT ADDED ENTRY--TOPICAL TERM
Topical term or geographic name as entry element Signals and signaling.
9 (RLIN) 49755
650 ## - SUBJECT ADDED ENTRY--TOPICAL TERM
Topical term or geographic name as entry element Nonverbal communications.
9 (RLIN) 49759
700 ## - ADDED ENTRY--PERSONAL NAME
Personal name Witkower, Zachary.
Relator term author.
9 (RLIN) 49758
700 ## - ADDED ENTRY--PERSONAL NAME
Personal name Tracy, Jessica L.
Relator term author.
9 (RLIN) 49760
700 ## - ADDED ENTRY--PERSONAL NAME
Personal name Cheng, Joey T.
Relator term author.
9 (RLIN) 49761
700 ## - ADDED ENTRY--PERSONAL NAME
Personal name Henrich, Joseph.
Relator term author.
9 (RLIN) 65657
942 ## - ADDED ENTRY ELEMENTS (KOHA)
Source of classification or shelving scheme Dewey Decimal Classification
Koha item type Periodicals
Holdings
Withdrawn status Lost status Source of classification or shelving scheme Damaged status Not for loan Collection code Home library Current library Date acquired Total Checkouts Full call number Date last seen Price effective from Koha item type Public note
    Dewey Decimal Classification     Periodicals UM Digos College - LIC UM Digos College - LIC 10/23/2023   Dper 155.205 J826 January-March 2020 v. 118 n. 1-3 10/23/2023 10/23/2023 Periodicals Periodical Article